00526nam a22001457a 4500003000500000038001800005082000800023100001600031245014600047264003300193300002500226650002800251700004300279856005800322NUST aNusrat Nadeem a200 aIzhar, Ruba aRelationship between Spousal Bereavement and Cognitive Functioning in old age; Mediatory role of Depression and Social Rhythms/cRuba Izhar,  aIslamabad;bS3H NUST;c2024. a154,p;bill;c30,cm. aMS- Clinical Psychology aSupervisor: Dr. Sumara Masood Ul Hasan u http://10.250.8.41:8080/xmlui/handle/123456789/45660